Подробности
| 000 -МАРКЕР |
| контрольное поле |
02724nam0a2200349 4500 |
| 001 - ИДЕНТИФИКАТОР ЗАПИСИ |
| контрольное поле |
RU\NLR\bibl\363941 |
| 005 - ИДЕНТИФИКАТОР ВЕРСИИ |
| контрольное поле |
20260405111214.0 |
| 010 ## - МЕЖДУНАРОДНЫЙ СТАНДАРТНЫЙ НОМЕР КНИГИ (ISBN) |
| Номер (ISBN) |
5-89486-007-5 |
| Тираж |
3000 |
| 035 ## - ДРУГИЕ СИСТЕМНЫЕ НОМЕРА |
| Идентификатор записи |
(NLR Aleph) 000358530 |
| 100 ## - ДАННЫЕ ОБЩЕЙ ОБРАБОТКИ |
| Данные общей обработки |
20030206d1999 |||y0rusy50 ca |
| 101 0# - ЯЗЫК РЕСУРСА |
| Язык текста, звукозаписи и т.д. |
русский |
| 102 ## - СТРАНА ПУБЛИКАЦИИ ИЛИ ПРОИЗВОДСТВА |
| Страна публикации |
Российская Федерация |
| 105 ## - ПОЛЕ КОДИРОВАННЫХ ДАННЫХ: ТЕКСТОВЫЕ МАТЕРИАЛЫ, МОНОГРАФИЧЕСКИЕ |
| Кодированные данные о монографическом текстовом документе |
a ||||||||| |
| 200 1# - ЗАГЛАВИЕ И СВЕДЕНИЯ ОБ ОТВЕТСТВЕННОСТИ |
| Основное заглавие |
Державный сфинкс |
| Сведения, относящиеся к заглавию |
[Сб. |
| Первые сведения об ответственности |
Сост. к.ист.н. А. Либерман и др. |
| Последующие сведения об ответственности |
Послесл. В.Наумова |
| -- |
Указ. имен, глоссарий С.Шокарев] |
| 210 ## - ПУБЛИКАЦИЯ, РАСПРОСТРАНЕНИЕ И ДР. |
| Место издания, распространения и т.д. |
М. |
| Имя издателя, распространителя и т. д. |
Фонд Сергея Дубова |
| Дата издания, распространения и т.д. |
1999 |
| 215 ## - ФИЗИЧЕСКАЯ ХАРАКТЕРИСТИКА |
| Специфическое обозначение материала и объем |
602, [1] с. |
| Другие сведения о физической характеристике |
ил. |
| Размеры |
22 |
| 225 1# - СЕРИЯ |
| Основное заглавие серии |
История России и дома Романовых в мемуарах современников. XVII-XX |
| 320 ## - ПРИМЕЧАНИЯ О НАЛИЧИИ В ДОКУМЕНТЕ БИБЛИОГРАФИИ / УКАЗАТЕЛЯ |
| Текст примечания |
Указ. имен: с. 550-598 |
| 327 1# - ПРИМЕЧАНИЯ О СОДЕРЖАНИИ |
| Текст примечания |
Содерж.: Записки / Е.Ф. Комаровский. Записки / Р.С. Эдлинг. Исторические мемуары об императоре Александре и его дворе / С. Шуазель-Гуфье. Мемуарные записки / П.А. Вяземский |
| 464 #0 - АНАЛИТИЧЕСКИЙ УРОВЕНЬ |
| Встроенное поле |
2001#$aЗаписки$fЕ.Ф. Комаровский |
| -- |
700#1$aКомаровский$bЕ. Ф.$gЕвграф Федотович$4070 |
| Заглавие |
Записки |
| Автор |
Комаровский, Евграф Федотович |
| 464 #0 - АНАЛИТИЧЕСКИЙ УРОВЕНЬ |
| Встроенное поле |
2001#$aЗаписки$fР.С. Эдлинг |
| -- |
700#1$aЭдлинг$bР. С.$gРоксандра Скарлатовна$4070 |
| Заглавие |
Записки |
| Автор |
Эдлинг, Роксандра Скарлатовна |
| 464 #0 - АНАЛИТИЧЕСКИЙ УРОВЕНЬ |
| Встроенное поле |
2001#$aИсторические мемуары об императоре Александре и его дворе$fС. Шуазель-Гуфье |
| -- |
700#1$3RU\NLR\auth\7759333$aШуазель-Гуфье$bС.$gСофия$4070 |
| Заглавие |
Исторические мемуары об императоре Александре и его дворе |
| Автор |
Шуазель-Гуфье, София |
| 464 #0 - АНАЛИТИЧЕСКИЙ УРОВЕНЬ |
| Встроенное поле |
2001#$aМемуарные записки$fП.А. Вяземский |
| -- |
700#1$aВяземский$bП. А.$f1792-1878$gПетр Андреевич$4070$3RU\NLR\auth\7716420 |
| Заглавие |
Мемуарные записки |
| Автор |
Вяземский, Петр Андреевич (1792-1878) |
| 600 #0 - ИМЯ ЛИЦА КАК ПРЕДМЕТ |
| Начальный элемент ввода |
Александр |
| Дополнения к именам, кроме дат |
император российский |
| Римские цифры |
I |
| Даты |
1777 - 1825 |
| Формальный подзаголовок |
Воспоминания, записки и т.п. |
| Системный номер авторитетной/нормативной записи |
923567 |
| Идентификатор авторитетной/нормативной записи |
RU\NLR\auth\6620141 |
| 686 ## - ИНДЕКСЫ ДРУГИХ КЛАССИФИКАЦИЙ |
| Индекс |
Т3(2)471,022.2 |
| 702 #1 - ИМЯ ЛИЦА - ВТОРИЧНАЯ ОТВЕТСТВЕННОСТЬ |
| Код отношения |
Составитель |
| Графика поля |
Кириллица |
| Материалы, к которым относится поле |
rus |
| Начальный элемент ввода |
Либерман |
| Часть имени, кроме начального элемента ввода |
А. А. |
| Дополнения к именам, кроме дат |
канд. ист. наук |
| Даты |
1943- |
| Расширение инициалов личного имени |
Александр Абрамович |
| Системный номер авторитетной/нормативной записи |
25157 |
| Идентификатор авторитетной/нормативной записи |
RU\NLR\auth\7742212 |
| 801 #0 - ИСТОЧНИК ЗАПИСИ |
| Страна |
Российская Федерация |
| Организация |
NLR |
| Дата составления |
20030206 |
| Правила каталогизации |
PSBO |
| 801 #1 - ИСТОЧНИК ЗАПИСИ |
| Страна |
Российская Федерация |
| Организация |
NLR |
| Дата составления |
20030206 |
| 942 ## - ДОПОЛНИТЕЛЬНЫЕ ЭЛЕМЕНТЫ ЗАПИСИ (АБИС) |
| Тип экземпляра АБИС |
Книга |
| 980 ## - КОЛЛЕКЦИЯ |
| Название коллекции |
Национальная библиография |